Paula/Isabel allende; translated from the Spanish by Margaret Sayers / (Record no. 10445)

MARC details
000 -LEADER
fixed length control field 00663nam a22002172 4500
001 - CONTROL NUMBER
control field 0000025034
005 - DATE AND TIME OF LATEST TRANSACTION
control field 20151217152308.0
008 - FIXED-LENGTH DATA ELEMENTS--GENERAL INFORMATION
fixed length control field 141025s xx 000 0 eng d
020 ## - INTERNATIONAL STANDARD BOOK NUMBER
International Standard Book Number 0060927216 :
040 ## - CATALOGING SOURCE
Original cataloging agency KABU
Transcribing agency KABU
100 1# - MAIN ENTRY--PERSONAL NAME
Personal name Allende, Isabel.
-- 0000094025
245 10 - TITLE STATEMENT
Title Paula/Isabel allende; translated from the Spanish by Margaret Sayers /
Statement of responsibility, etc. by Isabel Allende.
250 ## - EDITION STATEMENT
Edition statement 1st ed.
260 ## - PUBLICATION, DISTRIBUTION, ETC. (IMPRINT)
Place of publication, distribution, etc. New York :
Name of publisher, distributor, etc. Perennial,
Date of publication, distribution, etc. 1994.
300 ## - PHYSICAL DESCRIPTION
Extent 330 p.
650 #0 - SUBJECT ADDED ENTRY--TOPICAL TERM
Topical term or geographic name as entry element Allende, Isabel
General subdivision Family.
-- 0000185413
650 #0 - SUBJECT ADDED ENTRY--TOPICAL TERM
Topical term or geographic name as entry element Allende family.
-- 0000185414
908 ## - PUT COMMAND PARAMETER (RLIN)
Put command parameter 141025
950 ## - LOCAL HOLDINGS (RLIN)
-- 1
Holdings
Withdrawn status Lost status Source of classification or shelving scheme Not for loan Home library Current library Date acquired Total Checkouts Total Renewals Full call number Barcode Date last seen Date last checked out Price effective from Koha item type
    Library of Congress Classification   Kabarak, Main Campus Kabarak, Main Campus 17/12/2015 7 1 PQ8098.1 .L54 1994 c. 2 017165 09/12/2024 04/12/2024 17/12/2015 General Collection
    Library of Congress Classification   Kabarak, Main Campus Kabarak, Main Campus 17/12/2015 8   PQ8098.1 .L54 1994 c. 1 017166 19/08/2025 31/07/2025 17/12/2015 General Collection
Designed with assistance from East African Informatics Ltd